000 00173nam a22000977a 4500
100 _aWilson
245 _aA First French
260 _c1984
300 _a509p. ;
942 _cBK
999 _c57316
_d57313